Nomenclátor de las ciudades, villas, lugares, aldeas y demás entidades de población de España formado por el Instituto Nacional de Estadística, con referencia al 31 de diciembre de 1960 : Provincia de Barcelona Provincia de Barcelona
Descripción Física:
73 p. ; 26,5, cm
MARC
| LEADER | 00000nam a2200000Ia 4500 | ||
|---|---|---|---|
| 001 | 17256 | ||
| 003 | BGR | ||
| 005 | 20260324175259.0 | ||
| 008 | 160829s9999 xx 000 0 cat d | ||
| 080 | |a M-5-166 | ||
| 110 | 1 | |a Instituto Nacional de Estadística (Espanya) |9 59614 | |
| 245 | |a Nomenclátor de las ciudades, villas, lugares, aldeas y demás entidades de población de España formado por el Instituto Nacional de Estadística, con referencia al 31 de diciembre de 1960 : |b Provincia de Barcelona | ||
| 260 | |a Madrid : |b (Sucesores de Rivadeneyra), [s.a.] | ||
| 300 | |a 73 p. ; |c 26,5, cm | ||
| 650 | 0 | |a Topònims |x Barcelona (Província) |9 31833 |2 Arxiu | |
| 650 | 0 | |a Topònims |x Barcelona (Província) |x Estadístiques |9 46859 |2 Arxiu | |
| 901 | |a Arxiu | ||
| 942 | |n 1 |2 udc |c MON | ||
| 952 | |0 0 |1 0 |4 0 |6 M5166 |7 1 |9 43282 |a Arxiu |b Arxiu |d 2016-12-01 |l 0 |o M-5-166 |p 17256 |r 2016-12-01 00:00:00 |w 2016-12-01 |y ARXIU | ||
| 999 | |c 45827 |d 45827 | ||